000 00542nam a22002057a 4500
003 UA-OsUOA
001 54222
007 ta
008 20170529b un ||||| |||| 00| 0 ukr d
090 _a059
_bЛ67
942 _cBR
040 _aUA-OsUOA
_bukr
_cUA-OsUOA
_dUA-OsUOA
245 _aЛітопис Української повстанської армії
_bкалендар
955 _a4
041 _aukr
080 _a059
260 _bЛітопис УПА
_c2017
650 7 _a0 Загальний відділ.
_2UDC
999 _c434340
_d434340